La teoría monetaria moderna

Salvato in:
Dettagli Bibliografici
Autore principale: Argandoña Ramiz, Antonio (Autore)
Natura: Libro
Lingua:spagnolo
Pubblicazione: Barcelona Ariel 1972
Serie:Laureano Figuerola
Soggetti:
Tags: Aggiungi Tag
Nessun Tag, puoi essere il primo ad aggiungerne!!

MARC

LEADER 00000nam a2200000 a 4500
001 UCR7934
003 CL-VaPUC
008 980519e19720000SP |||||||||||||||||spa|d
082 0 4 |a 332.401  |b ARG  |2 21 
100 |a Argandoña Ramiz, Antonio  |e author  |9 454247 
245 1 3 |a La teoría monetaria moderna 
300 |a 338 p 
942 |c BK 
945 |d 19980519 00:00:00  |a crobeson 
260 |a Barcelona  |b Ariel  |c 1972 
650 7 |a TEORIA MONETARIA  |2 CL-VaPUC  |9 375788 
650 0 |a Mercado monetario  |9 358831 
650 0 |a Política monetaria  |9 258279 
650 0 |a Economía   |9 255568 
583 |a last modification  |c 19980519 00:00:00  |k Rodrigo Vera 
490 0 |a Laureano Figuerola 
999 |c 269509  |d 269507 
952 |0 0  |1 0  |4 0  |6 332_401000000000000_ARG_1972  |7 0  |8 A  |9 303263  |a BIBENE  |b BIBENE  |d 2019-11-20  |i 1999958  |o 332.401 ARG 1972  |p 1999958  |r 2025-01-15  |w 2019-11-20  |y BK  |k ICO